000
00198 a2200097 4500
020
_a
042799903766
041
_a
eng
100
_a
Quinlan, Janet
245
_a
The Ant and the Grassshoper
942
_c
BK
999
_c
10149
_d
10149